00358nam a22000977a 4500100006700000245008500067260002700152300000700179700004200186856003200228 aJawad Habiba13MPE14aSupervisor - Prof.Dr. Aslam Pervez Memon aWireless Power Transfer Using Resonate Inductive Mathodan Experimental Approach  aNawabshahbQuestc2019 a40 aDepartment of Electrical Engineering  uhttp://tinyurl.com/3s37rceh